000 00777nam a2200229Ia 4500
001 8933
003 GE_BSU
008 181216s||||||||xx |||||||||||||| ||und||
040 _cGE_BSU
080 _a821.353.1–32+821.353.1-92
100 _aკიკვიძე,ყარამან
245 _aსახითა შენითა
245 _bმოთხრობები,წერილები
245 _cრედ. ლ.თურმანიძე.მხატვ. გ.წერეთელი
260 _aთბილისი
260 _bმერანი
260 _c1984
300 _a328გვ.21სმ.
653 _aმოთხრობები,წერილები
653 _aსახითა შენითა
942 _cBK
999 _c42238
_d42238